Racionalizácia a normovanie práce zborník prednášok

Guardado en:
Detalles Bibliográficos
Formato: Libro
Lenguaje:eslovaco
Publicado: Žilina Dom techniky ČSVTS 1986
Etiquetas: Agregar Etiqueta
Sin Etiquetas, Sea el primero en etiquetar este registro!

MARC

LEADER 00000nam a2200000 4500
001 c104166
005 20181203150246.4
041 0 |a slo 
044 |a SK 
245 1 0 |a Racionalizácia a normovanie práce  |b zborník prednášok 
264 1 |a Žilina  |b Dom techniky ČSVTS  |c 1986 
300 |a 247 s.